| 000 | nam a22 7a 4500 | ||
|---|---|---|---|
| 999 |
_c97905 _d97904 |
||
| 005 | 20191018123839.0 | ||
| 008 | 190205b ||||| |||| 00| 0 eng d | ||
| 020 | _a9781447285779 | ||
| 080 |
_a633.888(94) _bING |
||
| 100 | _aInglis, Lucy | ||
| 245 |
_a Milk of paradise _ba history of opium |
||
| 260 |
_aLondon _bPan macmillan _c2018 |
||
| 300 | _axxiv,440p. | ||
| 653 | _aOpium trade | ||
| 653 | _aOpium abuse | ||
| 942 | _cBK | ||